00822nab a2200229 uc450000100070000000500170000700800410002403500110006503500210007604000130009704100080011010000330011824501340015165000320028565000160031765000370033365000310037065000310040170000240043270000330045677301030048945198620241106091237.0990611e19980401 spa  a451986 a(OCoLC)819785471 ccomduadb aspa10aBoada Ferrer, Marc4auteaut10aModelizacion del transporte de acuiferos y contaminantes en el suelo, I : generalidades sobre suelos, contaminantes y tecnologias aTransporte de contaminantes aAcuíferos aHojas de cálculo electrónico 7aAguas subterráneas2lemb 7aTratamiento del agua2lemb10aBravo, V.4auteaut10aZubizarreta, J. I.4auteaut0 tIngeniería Química (Madrid)gVol. 30, No. 345, Abr. 1998, p. 163-169w102048x0210-2064089813